Tendering 2012. (Record no. 121823)

MARC details
000 -LEADER
fixed length control field 00977nam a2200265 a 4500
005 - DATE AND TIME OF LATEST TRANSACTION
control field 20240306163813.0
007 - PHYSICAL DESCRIPTION FIXED FIELD--GENERAL INFORMATION
fixed length control field ta
008 - FIXED-LENGTH DATA ELEMENTS--GENERAL INFORMATION
fixed length control field 240306s2012 enk 000|0 eng d
020 ## - INTERNATIONAL STANDARD BOOK NUMBER
International Standard Book Number 9780414025615 (pbk.) :
Terms of availability £12.00
020 ## - INTERNATIONAL STANDARD BOOK NUMBER
International Standard Book Number 041402561X (pbk.) :
Terms of availability £12.00
035 ## - SYSTEM CONTROL NUMBER
System control number (UkOxU)019376652
035 ## - SYSTEM CONTROL NUMBER
System control number (UkOxU)019376652BIB01
035 ## - SYSTEM CONTROL NUMBER
System control number (UK-WkNB)9780414025615
035 ## - SYSTEM CONTROL NUMBER
System control number (StEdALDL)1/2863001
040 ## - CATALOGING SOURCE
Original cataloging agency UK-WkNB
Language of cataloging eng
Transcribing agency UK-WkNB
Modifying agency UkOxU
082 04 - DEWEY DECIMAL CLASSIFICATION NUMBER
Classification number 346.7102
Edition number 23
110 2# - MAIN ENTRY--CORPORATE NAME
Corporate name or jurisdiction name as entry element Joint Contracts Tribunal.
245 10 - TITLE STATEMENT
Title Tendering 2012.
246 13 - VARYING FORM OF TITLE
Title proper/short title Practice note :
Remainder of title tendering
260 ## - PUBLICATION, DISTRIBUTION, ETC.
Place of publication, distribution, etc. London :
Name of publisher, distributor, etc. Sweet & Maxwell,
Date of publication, distribution, etc. 2012.
300 ## - PHYSICAL DESCRIPTION
Extent ii, 21 p. ;
Dimensions 30 cm.
500 ## - GENERAL NOTE
General note Title from cover.
500 ## - GENERAL NOTE
General note "This JCT Tendering Practice Note 2012 is a revised edition of the original JCT Practice Note 6, published in 2002 as a successor to the NJCC Codes of Procedure for selective tendering" -- p. 1.
650 #0 - SUBJECT ADDED ENTRY--TOPICAL TERM
Topical term or geographic name entry element Construction contracts
Geographic subdivision Great Britain
Form subdivision Forms.
Holdings
Withdrawn status Lost status Source of classification or shelving scheme Damaged status Not for loan Home library Current library Shelving location Date acquired Total Checkouts Full call number Date last seen Price effective from Koha item type
    Dewey Decimal Classification     London London Boxed set 06/03/2024   JCT CONTRACTS 06/03/2024 06/03/2024 Reference material